Tras las bambalinas de la OMC : la cruda realidad del comercio internacional /

Análisis de la naturaleza, las actuaciones y del establecimiento de políticas multilaterales de la Organización Mundial del Comercio (OMC), que impactan al comercio, la agricultura, los servicios, la salud y el hambre. Dicho organismo fue fundado en 1995 en sustitución del Acuerdo General sobre Aran...

Täydet tiedot

Tallennettuna:
Bibliografiset tiedot
Päätekijä: Jawara, Fatoumata (autor)
Muut tekijät: Kwa, Aileen (autor) (autor)
Aineistotyyppi: Kirja
Kieli:espanja
Julkaistu: Barcelona, España : Oxfam, Intermón Oxfam, 2005, c2005
Aiheet:
Tagit: Lisää tagi
Ei tageja, Lisää ensimmäinen tagi!

MARC

LEADER 00000nam^a2200000^a^4500
001 000186914
005 20250521000000.0
009 20260310102243.814
020 |a 84-8452-324-1 
037 |a Acervo ITESO - Biblioteca 
041 |a ESP 
082 |a 382. 92  |b JAW 
100 |a Jawara, Fatoumata  |e (autor) 
240 1 1 |a [Tras las bambalinas de la OMC] 
245 1 0 |a Tras las bambalinas de la OMC :  |b la cruda realidad del comercio internacional /  |c F. Jawara, A. Kwa ; tr. por Aina Alcover, Silvia Komet. 
264 4 |a Barcelona, España :  |b Oxfam, Intermón Oxfam,  |c 2005, c2005 
300 |a 362 p. 
336 |a texto  |b txt  |2 rdacontenido 
337 |a sin mediación  |b n  |2 rdamedio 
338 |a volumen  |b nc  |2 rdasoporte 
500 |a Traducción de: Behind the Scenes at the WTO: The Real World of International Trade Negotiations 
520 |a Análisis de la naturaleza, las actuaciones y del establecimiento de políticas multilaterales de la Organización Mundial del Comercio (OMC), que impactan al comercio, la agricultura, los servicios, la salud y el hambre. Dicho organismo fue fundado en 1995 en sustitución del Acuerdo General sobre Aranceles y Comercio (GATT) y actualmente está integrada por 146 países miembros, de los cuales cuatro quintas partes son países en desarrollo. 
649 |a XX 
650 |a Organización Mundial de Comercio -  |x Aspectos Políticos 
650 |a Organización Mundial de Comercio -  |x Administración 
650 |a GATT -  |x Aspectos Políticos 
650 |a GATT -  |x Administración 
650 |a Organizaciones Internacionales -  |x Aspectos Políticos 
650 |a Organizaciones Internacionales -  |x Administración 
650 |a Instituciones Económicas -  |x Aspectos Políticos 
650 |a Instituciones Económicas -  |x Administración 
650 |a Cooperación Internacional 
650 |a Negociación y Mediación Política 
650 |a Tratados Comerciales Internacionales 
650 |a Tratados Internacionales 
650 |a Aranceles 
650 |a Derecho de Autor 
650 |a Derecho de Propiedad 
650 |a Patentes 
650 |a Política Agraria 
650 |a Política Industrial 
650 |a Política Comercial 
650 |a Política Económica 
650 |a Política Internacional 
650 |a Comercio Internacional 
650 |a Pobreza 
650 |a Igualdad y Desigualdad 
650 |a Justicia e Injusticia 
650 |a Capitalismo 
650 |a Globalización 
650 |a Economía Internacional 
700 |a Kwa, Aileen  |e (autor) 
910 |a Fondo General 
920 |a Impresos - Libros 
930 |a Colección General 
905 |a 101 
901 |a 0500128802  |b IT1  |c ACC  |u 20250521 
902 |a https://opac.biblio.iteso.mx/vufind/Record/000186914